ბათუმის შოთა რუსთაველის სახელმწიფო უნივერსიტეტის ბიბლიოთეკა

Handbook of evidence-based practices for emotional and behavioral disorders : (ბიბ.ჩანაწერი № 58081)

000 -LEADER
fixed length control field 01460cam a2200241 i 4500
001 - CONTROL NUMBER
control field 17768855
005 - DATE AND TIME OF LATEST TRANSACTION
control field 20210609132920.0
008 - FIXED-LENGTH DATA ELEMENTS--GENERAL INFORMATION
fixed length control field 130607s2014 nyua b 001 0 eng
020 ## - INTERNATIONAL STANDARD BOOK NUMBER
International Standard Book Number 9781462526161
041 ## - LANGUAGE CODE
Language code of text/sound track or separate title eng
080 ## - UNIVERSAL DECIMAL CLASSIFICATION NUMBER
Universal Decimal Classification number 372.6 H-22
245 00 - TITLE STATEMENT
Title Handbook of evidence-based practices for emotional and behavioral disorders :
Remainder of title applications in schools /
Statement of responsibility, etc. Edited by Hill M. Walker, Frank M. Gresham.
264 #1 - PRODUCTION, PUBLICATION, DISTRIBUTION, MANUFACTURE, AND COPYRIGHT NOTICE
Place of production, publication, distribution, manufacture New York :
Name of producer, publisher, distributor, manufacturer The Guilford Press,
Date of production, publication, distribution, manufacture, or copyright notice 2014.
300 ## - PHYSICAL DESCRIPTION
Extent 622 pages :
Other physical details illustrations ;
Dimensions 26 cm.
653 ## - INDEX TERM--UNCONTROLLED
keyword ემოციური და ქცევითი დარღვევების მტკიცებულებებზე დაფუძნებული პრაქტიკის სახელმძღვანელო
653 ## - INDEX TERM--UNCONTROLLED
keyword Справочник научно-обоснованных практик при эмоциональных и поведенческих расстройствах
653 ## - INDEX TERM--UNCONTROLLED
keyword ПСИХОЛОГИЯ / Психопатология / Расстройства аутистического спектра.
653 ## - INDEX TERM--UNCONTROLLED
keyword ფსიქოლოგია / ფსიქოპათოლოგია / აუტიზმის სპექტრის დარღვევები
653 ## - INDEX TERM--UNCONTROLLED
keyword ქცევის დარღვევები ბავშვებში
700 1# - ADDED ENTRY--PERSONAL NAME
Personal name Walker, Hill M..
9 (RLIN) 12002
700 1# - ADDED ENTRY--PERSONAL NAME
Personal name Gresham, Frank M..
9 (RLIN) 12003
942 ## - ADDED ENTRY ELEMENTS (KOHA)
Source of classification or shelving scheme
Koha item type წიგნი
ეგზემპლარები
Withdrawn status Lost status Source of classification or shelving scheme Damaged status Not for loan Permanent Location Current Location Shelving location Date acquired Cost, normal purchase price Full call number Barcode Date last seen Copy number Price effective from Koha item type Public note
          ბათუმის შოთა რუსთაველის სახელმწიფო უნივერსიტეტის მთავარი ბიბლიოთეკა ბათუმის შოთა რუსთაველის სახელმწიფო უნივერსიტეტის მთავარი ბიბლიოთეკა წიგნსაცავი 2021-06-09 159.00 372.6 H-22 61366 2021-06-09 61366 2021-06-09 წიგნი 159 ლ.